Subject report No. 3. Female employment and fertility 1990 population and housing census

Na minha lista:
Detalhes bibliográficos
Formato: Livro
Idioma:inglês
tailandês
Publicado em: Bangkok National Statistical Office [1991]
Assuntos:
Tags: Adicionar Tag
Sem tags, seja o primeiro a adicionar uma tag!

MARC

LEADER 00000nam a2200000 4500
001 c101152
005 20221123102410.7
020 |a 974-236-166-5 
041 0 |a eng 
041 0 |a tha 
044 |a TH 
245 1 0 |a Subject report No. 3. Female employment and fertility  |b 1990 population and housing census 
264 1 |a Bangkok  |b National Statistical Office  |c [1991] 
300 |a 82 s. 
610 2 0 |a zamestnanosť 
610 2 0 |a pôrodnosť 
610 2 0 |a práca žien 
610 2 0 |a štatistika 
610 2 0 |a údaje štatistické 
610 2 0 |a tabuľky štatistické 
610 2 0 |a Thajsko 
610 2 0 |a 1990